Estatísticas para Esportes Que Não Usam Bola

Clique aqui para jogar o quiz

Estatísticas Gerais

  • Esse quiz foi jogado 139 vezes
    (101 desde o último reset)
  • A pontuação média é 9 de 20

Estatísticas das Respostas

Descrição Esporte % Correto
O forte do João do PuloAtletismo
92%
Costas, Peito, etc...Natação
89%
Ganha-se por pontos ou nocauteBoxe
84%
Esporte da Daniele HypólitoGinástica
74%
Usa um half-pipe e rampasSkate
65%
Praticado com um floreteEsgrima
61%
Coloque o bicoito na cestaHóquei
60%
Usa uma peteca (ou volante)Badminton
55%
Pedras, gelo e vassourasCurling
49%
Esporte jogado em bares britânicosDardos
44%
Níveis são chamados classes (Ex: Star)Iatismo
43%
Deslizando sobre o gelo ou águaEsqui
39%
Perseguindo a bandeira quadriculadaAutomobilismo
29%
Vitória por quedaLuta Livre
26%
Pulo de um penhasco, refinadoSaltos Ornamentais
24%
Atividade favorita de Robin HoodTiro com Arco
24%
Uma ave de rapina vem a calharFalcoaria
16%
Golfe, mas não com uma bolaGolfe de Disco
10%
Recentemente banido na InglaterraCaça à Raposa
9%
A versão hippie do futebol americano?Ultimate
9%

Distribuição das Pontuações

Percentil de Números Respondidos

Porcentagem de Pessoas com Cada Pontuação

Sua Pontuação Histórica

Você não jogou esse quiz desde o último reset